Statistics for Fast Math - Random Linear Equations

Click here to take the quiz!

General Stats

  • This quiz has been taken 225 times
  • The average score is 14 of 20

Answer Stats

EquationSolution% Correct
10x - 6 = 41
100%
8x - 2 = 61
100%
6x - 5 = 11
100%
9x + 3 = 121
100%
4x + 4 = 81
100%
4x + 3 = 71
100%
4x + 2 = 61
100%
6x - 4 = 21
100%
8x - 1 = 71
100%
8x - 3 = 51
100%
9x + 4 = 131
100%
3x + 10 = 131
100%
8x - 5 = 31
100%
8x - 6 = 21
100%
8x + 8 = 161
100%
8x - 7 = 11
100%
8x + 7 = 151
100%
10x + 2 = 121
100%
10x - 8 = 21
100%
4x + 5 = 91
100%
4x + 6 = 101
100%
6x - 1 = 51
100%
4x + 9 = 131
100%
10x + 4 = 141
100%
10x - 3 = 71
100%
4x + 10 = 141
100%
5x + 2 = 71
100%
7x - 2 = 51
100%
10x + 6 = 161
100%
10x - 5 = 51
100%
5x + 3 = 81
100%
5x + 4 = 91
100%
9x + 7 = 161
100%
7x - 4 = 31
100%
6x + 8 = 141
100%
5x + 5 = 101
100%
10x + 10 = 201
100%
7x - 5 = 21
100%
4x + 7 = 111
100%
7x - 6 = 11
100%
5x + 6 = 111
100%
6x - 2 = 41
100%
3x + 9 = 121
100%
8x + 5 = 131
100%
5x - 1 = 41
100%
6x + 4 = 101
100%
5x - 4 = 11
100%
3x + 8 = 111
100%
5x - 2 = 31
100%
7x + 5 = 121
100%
7x + 3 = 101
100%
2x + 9 = 111
100%
7x + 2 = 91
100%
6x + 3 = 91
100%
2x + 8 = 101
100%
9x - 6 = 31
100%
9x - 1 = 81
100%
2x + 6 = 81
100%
9x - 2 = 71
100%
9x - 5 = 41
100%
2x + 4 = 61
100%
9x - 7 = 21
100%
3x - 2 = 11
100%
7x + 6 = 131
100%
10x - 9 = 11
100%
8x + 4 = 121
100%
9x - 8 = 11
100%
2x - 1 = 11
100%
5x + 10 = 151
100%
8x + 3 = 111
100%
3x + 3 = 61
100%
7x + 9 = 161
100%
8x + 2 = 101
100%
7x - 3 = 41
100%
3x + 5 = 81
100%
3x + 4 = 71
100%
7x + 8 = 151
100%
2x - 9 = 1110
100%
x - 8 = 210
100%
10x - 10 = 9010
100%
8x - 9 = 7110
100%
3x - 10 = 2010
100%
x - 5 = 510
100%
4x - 9 = 3110
100%
6x - 10 = 5010
100%
9x - 10 = 8010
100%
x - 9 = 110
100%
8x - 10 = 7010
100%
x - 6 = 410
100%
5x - 9 = 4110
100%
8x - 10 = 7811
100%
9x - 10 = 8911
100%
7x - 10 = 6711
100%
10x - 10 = 10011
100%
2x - 9 = 1311
100%
x - 7 = 411
100%
5x - 10 = 4511
100%
x - 10 = 111
100%
3x - 10 = 2311
100%
4x - 10 = 3411
100%
4x - 9 = 3511
100%
x - 10 = 212
100%
2x - 8 = 1612
100%
4x - 10 = 3812
100%
x - 9 = 312
100%
3x - 9 = 2712
100%
x - 7 = 613
100%
x - 8 = 513
100%
x - 9 = 413
100%
3x - 10 = 2913
100%
2x - 10 = 1613
100%
x - 8 = 614
100%
x - 9 = 514
100%
2x - 10 = 2015
100%
x - 10 = 616
100%
x - 10 = 818
100%
x - 9 = 918
100%
9x - 4 = 142
100%
7x + 7 = 212
100%
5x - 6 = 42
100%
5x - 5 = 52
100%
6x + 10 = 222
100%
9x - 3 = 152
100%
5x - 4 = 62
100%
7x + 5 = 192
100%
3x - 3 = 32
100%
9x - 2 = 162
100%
3x - 4 = 22
100%
4x - 6 = 22
100%
10x + 4 = 242
100%
8x + 4 = 202
100%
5x - 7 = 32
100%
9x + 7 = 252
100%
10x + 6 = 262
100%
7x - 3 = 112
100%
10x + 7 = 272
100%
6x - 10 = 22
100%
10x + 9 = 292
100%
6x - 9 = 32
100%
6x - 8 = 42
100%
9x + 10 = 282
100%
6x - 6 = 62
100%
9x + 5 = 232
100%
2x - 3 = 12
100%
6x - 5 = 72
100%
8x - 2 = 142
100%
8x - 3 = 132
100%
8x - 4 = 122
100%
6x - 3 = 92
100%
6x - 2 = 102
100%
10x + 5 = 252
100%
2x - 2 = 22
100%
8x - 8 = 82
100%
6x + 8 = 202
100%
4x - 3 = 52
100%
3x + 9 = 152
100%
4x + 6 = 142
100%
2x + 7 = 112
100%
10x - 2 = 182
100%
4x + 4 = 122
100%
9x - 7 = 112
100%
3x + 3 = 92
100%
6x + 4 = 162
100%
4x + 3 = 112
100%
4x + 9 = 172
100%
2x + 8 = 122
100%
10x - 5 = 152
100%
9x - 6 = 122
100%
5x + 6 = 162
100%
9x - 8 = 102
100%
5x + 3 = 132
100%
2x + 9 = 132
100%
2x + 4 = 82
100%
3x + 10 = 162
100%
10x - 8 = 122
100%
5x + 5 = 152
100%
9x - 5 = 132
100%
5x + 7 = 172
100%
5x + 9 = 192
100%
10x - 10 = 102
100%
2x + 10 = 142
100%
2x + 6 = 102
100%
10x - 9 = 213
100%
5x - 7 = 83
100%
7x - 6 = 153
100%
7x - 7 = 143
100%
5x + 10 = 253
100%
8x + 5 = 293
100%
6x - 5 = 133
100%
4x + 5 = 173
100%
4x + 6 = 183
100%
5x - 8 = 73
100%
8x - 5 = 193
100%
8x + 7 = 313
100%
5x - 10 = 53
100%
10x - 8 = 223
100%
3x + 7 = 163
100%
3x + 10 = 193
100%
4x - 3 = 93
100%
9x + 6 = 333
100%
2x - 3 = 33
100%
6x - 3 = 153
100%
8x + 10 = 343
100%
2x - 4 = 23
100%
8x - 6 = 183
100%
5x + 6 = 213
100%
2x - 5 = 13
100%
5x + 8 = 233
100%
9x - 9 = 183
100%
8x - 4 = 203
100%
8x + 8 = 323
100%
9x - 8 = 193
100%
9x + 8 = 353
100%
9x - 7 = 203
100%
6x - 9 = 93
100%
6x - 6 = 123
100%
6x + 9 = 273
100%
4x - 7 = 53
100%
6x + 5 = 233
100%
10x + 7 = 373
100%
10x + 10 = 403
100%
4x - 8 = 43
100%
7x + 4 = 253
100%
6x + 4 = 223
100%
8x - 10 = 143
100%
10x - 4 = 263
100%
10x + 5 = 353
100%
7x + 6 = 273
100%
10x - 3 = 273
100%
4x - 9 = 33
100%
4x - 6 = 63
100%
10x + 4 = 343
100%
3x - 6 = 33
100%
9x - 3 = 243
100%
6x + 8 = 263
100%
9x + 5 = 323
100%
5x - 5 = 103
100%
5x + 4 = 193
100%
2x + 9 = 153
100%
3x - 3 = 63
100%
9x - 4 = 233
100%
2x + 6 = 123
100%
3x - 4 = 53
100%
6x - 7 = 113
100%
2x + 8 = 143
100%
4x + 7 = 193
100%
9x + 6 = 424
100%
6x - 10 = 144
100%
6x + 7 = 314
100%
6x - 9 = 154
100%
10x + 9 = 494
100%
10x - 6 = 344
100%
4x + 9 = 254
100%
10x - 5 = 354
100%
10x + 10 = 504
100%
9x + 7 = 434
100%
6x - 4 = 204
100%
7x - 8 = 204
100%
4x + 6 = 224
100%
9x + 8 = 444
100%
x - 3 = 14
100%
6x - 7 = 174
100%
7x - 7 = 214
100%
6x - 5 = 194
100%
7x - 6 = 224
100%
7x - 5 = 234
100%
5x + 5 = 254
100%
7x - 4 = 244
100%
8x - 5 = 274
100%
3x + 9 = 214
100%
7x + 6 = 344
100%
10x - 9 = 314
100%
8x - 8 = 244
100%
5x - 6 = 144
100%
5x - 5 = 154
100%
8x - 9 = 234
100%
3x - 4 = 84
100%
3x - 6 = 64
100%
3x - 7 = 54
100%
4x - 8 = 84
100%
5x + 9 = 294
100%
8x - 10 = 224
100%
3x - 9 = 34
100%
4x - 7 = 94
100%
6x + 5 = 294
100%
9x - 5 = 314
100%
6x + 6 = 304
100%
4x - 5 = 114
100%
6x + 8 = 324
100%
9x - 7 = 294
100%
7x + 10 = 384
100%
5x - 7 = 134
100%
8x + 5 = 374
100%
3x + 8 = 204
100%
10x - 8 = 324
100%
5x - 10 = 104
100%
8x + 10 = 424
100%
2x - 4 = 44
100%
2x - 5 = 34
100%
2x - 6 = 24
100%
10x + 8 = 484
100%
8x + 7 = 394
100%
8x - 7 = 254
100%
8x + 6 = 384
100%
5x - 8 = 124
100%
3x + 10 = 255
100%
5x - 6 = 195
100%
4x - 4 = 165
100%
5x - 10 = 155
100%
4x - 5 = 155
100%
5x - 7 = 185
100%
3x - 10 = 55
100%
10x + 10 = 605
100%
6x - 8 = 225
100%
2x - 4 = 65
100%
6x - 6 = 245
100%
2x + 10 = 205
100%
3x - 8 = 75
100%
4x - 8 = 125
100%
2x - 5 = 55
100%
3x + 9 = 245
100%
5x - 5 = 205
100%
10x - 6 = 445
100%
3x - 6 = 95
100%
6x - 7 = 235
100%
10x - 5 = 455
100%
3x - 5 = 105
100%
2x - 6 = 45
100%
2x - 7 = 35
100%
4x - 9 = 115
100%
6x + 7 = 375
100%
5x + 9 = 345
100%
10x + 6 = 565
100%
7x - 5 = 305
100%
9x - 10 = 355
100%
7x + 6 = 415
100%
7x - 9 = 265
100%
4x + 10 = 305
100%
8x - 9 = 315
100%
7x + 8 = 435
100%
5x + 10 = 355
100%
8x + 9 = 495
100%
9x - 8 = 375
100%
8x - 8 = 325
100%
9x + 9 = 545
100%
7x + 10 = 455
100%
8x + 6 = 465
100%
6x + 10 = 405
100%
6x - 10 = 205
100%
6x + 6 = 365
100%
10x + 7 = 575
100%
5x - 8 = 226
100%
4x - 9 = 156
100%
3x + 9 = 276
100%
5x + 9 = 396
100%
7x - 8 = 346
100%
3x + 10 = 286
100%
8x - 7 = 416
100%
9x + 7 = 616
100%
2x - 9 = 36
100%
4x - 8 = 166
100%
7x - 10 = 326
100%
8x + 10 = 586
100%
7x + 7 = 496
100%
5x - 7 = 236
100%
8x + 7 = 556
100%
10x - 10 = 506
100%
7x + 10 = 526
100%
9x - 9 = 456
100%
8x + 9 = 576
100%
3x - 8 = 106
100%
2x - 5 = 76
100%
10x - 9 = 516
100%
2x - 6 = 66
100%
5x - 5 = 256
100%
7x + 9 = 516
100%
10x + 8 = 686
100%
7x - 6 = 366
100%
3x - 9 = 96
100%
6x - 9 = 276
100%
10x + 7 = 676
100%
10x + 9 = 696
100%
4x - 5 = 196
100%
x - 5 = 16
100%
9x - 6 = 486
100%
4x + 10 = 346
100%
x - 4 = 26
100%
8x - 10 = 386
100%
6x + 10 = 527
100%
x - 4 = 37
100%
7x - 7 = 427
100%
6x - 7 = 357
100%
3x - 7 = 147
100%
4x - 6 = 227
100%
7x + 9 = 587
100%
5x - 6 = 297
100%
x - 5 = 27
100%
10x + 10 = 807
100%
3x - 10 = 117
100%
2x - 7 = 77
100%
6x - 10 = 327
100%
2x - 8 = 67
100%
8x - 7 = 497
100%
2x - 6 = 87
100%
7x - 8 = 417
100%
5x + 10 = 457
100%
3x - 9 = 127
100%
7x - 9 = 407
100%
10x - 7 = 637
100%
x - 6 = 17
100%
4x - 9 = 197
100%
8x - 10 = 467
100%
10x - 10 = 607
100%
4x - 7 = 217
100%
7x - 10 = 397
100%
10x - 8 = 728
100%
7x + 10 = 668
100%
9x + 9 = 818
100%
4x - 8 = 248
100%
5x - 8 = 328
100%
5x - 7 = 338
100%
10x + 9 = 898
100%
9x + 10 = 828
100%
7x - 8 = 488
100%
6x - 10 = 388
100%
7x - 7 = 498
100%
9x - 9 = 638
100%
10x + 10 = 908
100%
5x + 10 = 508
100%
6x - 9 = 398
100%
7x - 10 = 468
100%
6x - 8 = 408
100%
10x - 10 = 708
100%
8x - 8 = 568
100%
6x - 7 = 418
100%
6x + 10 = 588
100%
8x - 10 = 629
100%
4x - 8 = 289
100%
10x - 9 = 819
100%
8x - 9 = 639
100%
10x - 10 = 809
100%
8x - 8 = 649
100%
3x - 9 = 189
100%
4x - 10 = 269
100%
7x - 10 = 539
100%
6x - 10 = 449
100%
x - 7 = 29
100%
6x - 8 = 469
100%
10x + 10 = 1009
100%
5x - 8 = 379
100%
5x - 9 = 369
100%
9x - 9 = 729
100%
x - 6 = 39
100%
3x + 7 = 101
89%
x - 6 = 612
80%
x - 1 = 12
80%
7x + 10 = 242
80%
10x - 3 = 172
80%
7x + 7 = 354
80%
5x + 7 = 274
80%
10x + 5 = 151
75%
5x + 8 = 131
75%
6x + 7 = 131
75%
3x + 6 = 91
75%
x - 9 = 817
75%
10x + 3 = 232
75%
3x + 8 = 142
75%
9x - 10 = 173
75%
8x - 3 = 213
75%
3x - 3 = 94
75%
4x + 8 = 244
75%
9x - 9 = 274
75%
4x - 7 = 135
75%
10x - 8 = 425
75%
10x + 10 = 706
75%
2x - 4 = 86
75%
2x + 3 = 51
67%
4x - 1 = 31
67%
6x + 2 = 81
67%
6x + 6 = 121
67%
7x + 10 = 171
67%
9x - 4 = 51
67%
9x - 3 = 61
67%
5x - 10 = 4010
67%
7x - 9 = 6110
67%
2x - 8 = 1210
67%
2x - 10 = 1211
67%
x - 10 = 515
67%
4x - 2 = 62
67%
9x - 9 = 92
67%
4x + 7 = 152
67%
10x - 6 = 142
67%
8x + 6 = 222
67%
8x - 10 = 62
67%
7x - 7 = 72
67%
10x - 7 = 132
67%
7x + 8 = 222
67%
8x + 5 = 212
67%
7x + 6 = 202
67%
8x + 9 = 333
67%
7x - 8 = 133
67%
9x + 7 = 343
67%
7x + 8 = 293
67%
7x - 10 = 113
67%
10x - 7 = 233
67%
7x + 7 = 283
67%
7x + 9 = 374
67%
3x + 6 = 184
67%
10x - 10 = 304
67%
4x - 6 = 104
67%
10x + 8 = 585
67%
2x - 8 = 25
67%
7x + 9 = 445
67%
3x - 7 = 85
67%
10x - 7 = 435
67%
10x - 9 = 415
67%
4x - 7 = 176
67%
6x - 6 = 306
67%
6x - 7 = 296
67%
5x - 9 = 216
67%
2x - 10 = 26
67%
5x + 10 = 406
67%
5x - 10 = 257
67%
8x - 9 = 477
67%
8x - 8 = 487
67%
7x + 10 = 597
67%
2x - 10 = 89
67%
9x - 10 = 719
67%
2x + 5 = 92
60%
8x - 9 = 72
60%
10x - 6 = 546
60%
9x + 8 = 171
50%
10x - 4 = 61
50%
5x + 7 = 121
50%
8x + 10 = 181
50%
8x + 6 = 141
50%
6x + 10 = 161
50%
4x + 8 = 121
50%
8x + 9 = 171
50%
7x - 1 = 61
50%
2x - 10 = 1010
50%
x - 9 = 211
50%
2x - 10 = 1412
50%
2x - 10 = 1814
50%
x - 8 = 816
50%
3x - 5 = 12
50%
7x - 6 = 82
50%
9x - 10 = 82
50%
6x + 3 = 152
50%
7x - 8 = 62
50%
5x + 8 = 182
50%
7x - 10 = 42
50%
9x + 8 = 262
50%
7x + 4 = 182
50%
4x + 5 = 132
50%
x - 10 = 1020
50%
9x - 6 = 213
50%
6x - 10 = 83
50%
6x + 6 = 243
50%
5x - 3 = 123
50%
9x + 10 = 373
50%
2x + 7 = 133
50%
10x - 6 = 243
50%
4x - 10 = 23
50%
10x - 5 = 253
50%
7x - 9 = 123
50%
4x + 8 = 203
50%
5x + 7 = 223
50%
8x - 8 = 163
50%
9x + 4 = 313
50%
5x - 4 = 164
50%
6x - 8 = 164
50%
9x + 5 = 414
50%
4x - 4 = 124
50%
4x - 10 = 64
50%
3x - 8 = 44
50%
9x - 8 = 284
50%
7x + 5 = 334
50%
4x - 9 = 74
50%
3x - 10 = 24
50%
3x - 5 = 74
50%
9x + 8 = 535
50%
6x + 9 = 395
50%
4x + 9 = 295
50%
3x - 4 = 115
50%
6x - 8 = 286
50%
6x - 10 = 266
50%
9x + 9 = 636
50%
7x - 7 = 356
50%
4x + 9 = 336
50%
8x + 8 = 566
50%
9x - 8 = 466
50%
7x + 8 = 506
50%
6x + 8 = 446
50%
6x + 9 = 456
50%
3x - 8 = 137
50%
8x + 10 = 667
50%
9x + 10 = 737
50%
6x - 6 = 367
50%
2x - 10 = 47
50%
10x - 9 = 617
50%
9x + 9 = 727
50%
4x + 10 = 387
50%
8x + 10 = 748
50%
x - 7 = 18
50%
3x - 6 = 188
50%
4x - 7 = 258
50%
9x - 10 = 628
50%
x - 6 = 28
50%
3x - 10 = 148
50%
x - 5 = 49
50%
2x - 6 = 129
50%
2x - 8 = 109
50%
9x - 4 = 324
40%
3x + 2 = 51
33%
6x + 9 = 151
33%
10x - 1 = 91
33%
9x + 5 = 141
33%
2x + 7 = 91
33%
2x - 7 = 1310
33%
3x - 9 = 2411
33%
9x + 4 = 222
33%
8x + 7 = 232
33%
4x - 5 = 32
33%
6x + 7 = 253
33%
2x + 8 = 164
33%
10x + 5 = 454
33%
9x + 6 = 515
33%
6x + 9 = 517
33%
2x - 7 = 98
33%
3x - 7 = 178
33%
2x - 9 = 99
33%
6x + 7 = 192
25%
x - 4 = 48
25%
9x + 10 = 191
0%
10x - 2 = 81
0%
6x + 5 = 111
0%
5x + 9 = 141
0%
7x + 4 = 111
0%
10x + 9 = 191
0%
8x - 4 = 41
0%
2x + 5 = 71
0%
10x + 8 = 181
0%
2x + 10 = 121
0%
9x + 2 = 111
0%
10x + 7 = 171
0%
9x + 6 = 151
0%
7x + 7 = 141
0%
10x + 3 = 131
0%
9x + 9 = 181
0%
10x - 7 = 31
0%
2x + 2 = 41
0%
5x - 3 = 21
0%
3x - 1 = 21
0%
4x - 3 = 11
0%
6x - 3 = 31
0%
4x - 2 = 21
0%
x - 7 = 310
0%
3x - 8 = 2210
0%
6x - 9 = 5110
0%
4x - 8 = 3210
0%
7x - 10 = 6010
0%
4x - 10 = 3010
0%
9x - 9 = 8110
0%
3x - 9 = 2110
0%
2x - 8 = 1411
0%
x - 8 = 311
0%
6x - 10 = 5611
0%
x - 6 = 511
0%
2x - 9 = 1512
0%
5x - 10 = 5012
0%
x - 7 = 512
0%
x - 8 = 412
0%
3x - 10 = 2612
0%
x - 10 = 313
0%
2x - 9 = 1713
0%
x - 10 = 414
0%
x - 7 = 714
0%
x - 9 = 615
0%
x - 8 = 715
0%
x - 9 = 716
0%
x - 10 = 717
0%
x - 10 = 919
0%
9x + 6 = 242
0%
5x - 2 = 82
0%
3x + 4 = 102
0%
6x + 5 = 172
0%
6x + 6 = 182
0%
5x - 8 = 22
0%
7x - 9 = 52
0%
4x - 4 = 42
0%
3x + 5 = 112
0%
4x + 8 = 162
0%
4x - 7 = 12
0%
8x + 3 = 192
0%
8x - 7 = 92
0%
7x + 3 = 172
0%
8x - 6 = 102
0%
8x + 8 = 242
0%
8x - 5 = 112
0%
10x - 9 = 112
0%
5x - 9 = 12
0%
8x + 9 = 252
0%
6x + 9 = 212
0%
3x + 7 = 132
0%
9x + 3 = 212
0%
5x - 3 = 72
0%
3x + 6 = 122
0%
8x + 10 = 262
0%
3x - 2 = 42
0%
7x + 9 = 232
0%
7x - 5 = 92
0%
4x + 10 = 182
0%
6x - 7 = 52
0%
7x - 2 = 122
0%
5x + 4 = 142
0%
10x - 4 = 162
0%
7x - 4 = 102
0%
10x + 10 = 302
0%
10x + 8 = 282
0%
5x + 10 = 202
0%
6x - 4 = 82
0%
9x + 9 = 272
0%
5x + 5 = 203
0%
8x - 9 = 153
0%
7x + 9 = 303
0%
10x + 8 = 383
0%
6x + 10 = 283
0%
3x - 7 = 23
0%
4x + 4 = 163
0%
10x + 9 = 393
0%
3x + 9 = 183
0%
7x + 5 = 263
0%
6x - 8 = 103
0%
7x + 10 = 313
0%
x - 2 = 13
0%
5x - 6 = 93
0%
8x + 6 = 303
0%
4x - 5 = 73
0%
8x + 4 = 283
0%
8x - 7 = 173
0%
4x - 4 = 83
0%
5x - 9 = 63
0%
3x + 6 = 153
0%
2x + 10 = 163
0%
9x + 9 = 363
0%
6x - 4 = 143
0%
7x - 5 = 163
0%
3x + 5 = 143
0%
3x - 8 = 13
0%
2x - 2 = 43
0%
7x - 4 = 173
0%
7x - 3 = 183
0%
9x - 5 = 223
0%
10x - 10 = 203
0%
5x - 4 = 113
0%
3x - 5 = 43
0%
3x + 8 = 173
0%
10x + 6 = 363
0%
4x + 10 = 223
0%
5x + 9 = 243
0%
4x + 9 = 213
0%
4x + 7 = 234
0%
6x + 10 = 344
0%
7x + 8 = 364
0%
5x + 8 = 284
0%
5x + 10 = 304
0%
6x + 9 = 334
0%
4x + 10 = 264
0%
9x - 6 = 304
0%
10x - 4 = 364
0%
8x - 4 = 284
0%
10x - 7 = 334
0%
5x + 6 = 264
0%
x - 2 = 24
0%
2x + 9 = 174
0%
6x - 6 = 184
0%
10x + 7 = 474
0%
10x + 6 = 464
0%
9x + 10 = 464
0%
9x + 9 = 454
0%
2x + 10 = 184
0%
7x - 9 = 194
0%
2x - 3 = 54
0%
7x - 10 = 184
0%
3x + 7 = 194
0%
8x + 9 = 414
0%
5x - 9 = 114
0%
9x - 10 = 264
0%
2x - 7 = 14
0%
8x + 8 = 404
0%
3x + 10 = 224
0%
8x - 6 = 264
0%
8x + 8 = 485
0%
x - 3 = 25
0%
9x - 7 = 385
0%
4x + 7 = 275
0%
9x + 10 = 555
0%
6x - 5 = 255
0%
7x + 7 = 425
0%
8x - 7 = 335
0%
5x + 8 = 335
0%
10x - 10 = 405
0%
4x + 8 = 285
0%
6x - 9 = 215
0%
4x - 10 = 105
0%
9x - 9 = 365
0%
5x + 7 = 325
0%
10x + 9 = 595
0%
x - 4 = 15
0%
7x - 6 = 295
0%
7x - 7 = 285
0%
4x - 6 = 145
0%
7x - 8 = 275
0%
3x + 8 = 235
0%
8x - 5 = 355
0%
8x + 7 = 475
0%
5x - 9 = 165
0%
8x + 10 = 505
0%
6x + 8 = 385
0%
7x - 10 = 255
0%
9x - 5 = 405
0%
3x - 9 = 65
0%
8x - 10 = 305
0%
5x - 8 = 175
0%
2x - 9 = 15
0%
8x - 6 = 345
0%
9x + 7 = 525
0%
9x - 6 = 395
0%
10x - 7 = 536
0%
10x - 8 = 526
0%
4x - 6 = 186
0%
3x - 10 = 86
0%
9x - 10 = 446
0%
4x + 8 = 326
0%
3x - 7 = 116
0%
x - 3 = 36
0%
9x + 10 = 646
0%
8x - 6 = 426
0%
2x - 8 = 46
0%
6x + 10 = 466
0%
3x - 6 = 126
0%
8x - 8 = 406
0%
5x - 6 = 246
0%
2x - 7 = 56
0%
9x - 7 = 476
0%
8x - 9 = 396
0%
4x - 10 = 146
0%
5x + 8 = 386
0%
5x - 10 = 206
0%
7x - 9 = 336
0%
9x + 8 = 626
0%
3x - 5 = 136
0%
10x - 8 = 627
0%
2x - 5 = 97
0%
10x + 8 = 787
0%
8x + 9 = 657
0%
8x + 8 = 647
0%
10x + 9 = 797
0%
5x - 8 = 277
0%
6x - 9 = 337
0%
9x + 8 = 717
0%
5x - 9 = 267
0%
5x - 7 = 287
0%
9x - 8 = 557
0%
2x - 9 = 57
0%
9x - 10 = 537
0%
6x - 8 = 347
0%
3x - 6 = 157
0%
9x - 7 = 567
0%
5x + 9 = 447
0%
4x - 8 = 207
0%
9x - 9 = 547
0%
4x - 10 = 187
0%
2x - 8 = 88
0%
10x - 9 = 718
0%
4x - 9 = 238
0%
5x - 10 = 308
0%
7x - 9 = 478
0%
9x - 8 = 648
0%
2x - 6 = 108
0%
4x - 10 = 228
0%
3x - 9 = 158
0%
5x - 9 = 318
0%
x - 5 = 38
0%
2x - 10 = 68
0%
3x - 8 = 168
0%
2x - 9 = 78
0%
8x - 10 = 548
0%
8x - 9 = 558
0%
3x - 10 = 179
0%
4x - 9 = 279
0%
6x - 9 = 459
0%
x - 8 = 19
0%
7x - 8 = 559
0%
5x - 10 = 359
0%
7x - 9 = 549
0%
3x - 8 = 199
0%
3x - 7 = 209
0%
2x - 7 = 119
0%

Score Distribution

Percentile by Number Answered

Percent of People with Each Score

Your Score History

You have not taken this quiz